Basic Principles of an Operating System (Record no. 13361)

MARC details
000 -LEADER
fixed length control field 00411nam a22001697a 4500
003 - CONTROL NUMBER IDENTIFIER
control field OSt
008 - FIXED-LENGTH DATA ELEMENTS--GENERAL INFORMATION
fixed length control field 250421b |||||||| |||| 00| 0 eng d
020 ## - INTERNATIONAL STANDARD BOOK NUMBER
International Standard Book Number 9789388511711
082 ## - DEWEY DECIMAL CLASSIFICATION NUMBER
Classification number 005.43 RAB
100 ## - MAIN ENTRY--PERSONAL NAME
Personal name RATHEE,Priyanka
245 ## - TITLE STATEMENT
Title Basic Principles of an Operating System
250 ## - EDITION STATEMENT
Edition statement 1st Rep Ed.
260 ## - PUBLICATION, DISTRIBUTION, ETC. (IMPRINT)
Place of publication, distribution, etc New Delhi
Name of publisher, distributor, etc BPB
Date of publication, distribution, etc 2024
300 ## - PHYSICAL DESCRIPTION
Extent 309
650 ## - SUBJECT ADDED ENTRY--TOPICAL TERM
Topical term or geographic name as entry element Operating System
942 ## - ADDED ENTRY ELEMENTS (KOHA)
Source of classification or shelving scheme Dewey Decimal Classification
Koha item type Text Books
Holdings
Withdrawn status Lost status Source of classification or shelving scheme Damaged status Not for loan Collection code Home library Current library Date acquired Source of acquisition Currency Cost, normal purchase price Bill Number Total Checkouts Full call number Acc. no. / Barcode Date last seen Actual Cost, discounted price Bill Date Koha item type Date last borrowed
    Dewey Decimal Classification     BCA PIET C-LIBRARY PIET C-LIBRARY 11/04/2025 Zaffa Books INR 499.00 ZBD0028   005.43 RAB BC2601 21/04/2025 364.27 11/04/2025 Reference Books  
    Dewey Decimal Classification     BCA PIET C-LIBRARY PIET C-LIBRARY 11/04/2025 Zaffa Books INR 499.00 ZBD0028   005.43 RAB BC2602 21/04/2025 364.27 11/04/2025 Text Books  
    Dewey Decimal Classification     BCA PIET C-LIBRARY PIET C-LIBRARY 11/04/2025 Zaffa Books INR 499.00 ZBD0028   005.43 RAB BC2603 21/04/2025 364.27 11/04/2025 Text Books  
    Dewey Decimal Classification     BCA PIET C-LIBRARY PIET C-LIBRARY 11/04/2025 Zaffa Books INR 499.00 ZBD0028   005.43 RAB BC2604 21/04/2025 364.27 11/04/2025 Text Books  
    Dewey Decimal Classification     BCA PIET C-LIBRARY PIET C-LIBRARY 11/04/2025 Zaffa Books INR 499.00 ZBD0028   005.43 RAB BC2605 21/04/2025 364.27 11/04/2025 Text Books  
    Dewey Decimal Classification     BCA PIET C-LIBRARY PIET C-LIBRARY 11/04/2025 Zaffa Books INR 499.00 ZBD0028   005.43 RAB BC2606 21/04/2025 364.27 11/04/2025 Text Books  
    Dewey Decimal Classification     BCA PIET C-LIBRARY PIET C-LIBRARY 11/04/2025 Zaffa Books INR 499.00 ZBD0028   005.43 RAB BC2607 21/04/2025 364.27 11/04/2025 Text Books  
    Dewey Decimal Classification     BCA PIET C-LIBRARY PIET C-LIBRARY 11/04/2025 Zaffa Books INR 499.00 ZBD0028 1 005.43 RAB BC2608 05/06/2026 364.27 11/04/2025 Text Books 03/06/2026
    Dewey Decimal Classification     BCA PIET C-LIBRARY PIET C-LIBRARY 11/04/2025 Zaffa Books INR 499.00 ZBD0028   005.43 RAB BC2609 21/04/2025 364.27 11/04/2025 Text Books  
    Dewey Decimal Classification     BCA PIET C-LIBRARY PIET C-LIBRARY 11/04/2025 Zaffa Books INR 499.00 ZBD0028 1 005.43 RAB BC2610 20/06/2025 364.27 11/04/2025 Text Books 02/06/2025

Design & Developed by: PIET Central Library
R70 Miles Stone Pattikalyana Samalkha Panipat 132102
mail ID :- [email protected], Phone No:- 0180-2569700 Ex.216